00462 2200181 4500001002100000005001500021008004100036035002500077041000800102082000800110090000800118100002500126245005000151250001600201260003200217300002100249650001000270INLIS00000000000206020130515124127 ind  a0010-051300000002060 aind aFik aFik aWilliam, Shakespeare aRomeo dan Julia/ penerjemah, Trisno, Sumardjo aCetakan : 2 aJakartabPustaka Jayac1976 a159 hlm. ;21 cm. aFiksi